Mini atlas of millennium development goals: Building a better world (Record no. 42509)

MARC details
000 -LEADER
fixed length control field 00322nam a2200109Ia 4500
020 ## - INTERNATIONAL STANDARD BOOK NUMBER
ISBN 0821361759
082 ## - DEWEY DECIMAL CLASSIFICATION NUMBER
Classification number 330.34(084.3)
Item number WOR
245 #0 - TITLE STATEMENT
Title Mini atlas of millennium development goals: Building a better world
260 ## - PUBLICATION, DISTRIBUTION, ETC. (IMPRINT)
Place of publication Washington D.C
Name of publisher World Bank
Year of publication 2005
942 ## - ADDED ENTRY ELEMENTS (KOHA)
Koha item type Books
Holdings
Withdrawn status Lost status Damaged status Not for loan Home library Current library Date acquired Cost, normal purchase price Full call number Accession Number Koha item type
        RRII Library RRII Library 16/12/2021 85.00 330.34(084.3) WOR 22781 Books